000 01023nam a2200313 a 4500
001 000021415
003 DO-SdBPM
005 20251103115141.0
007 ta
008 100907s2006 cr a 000 0 spa d
020 _a9968712043
040 _aDO-SdBPM
_bspa
_cBPMSU
_erda
_drda
049 _a
082 4 _a972.86
_bB742c 2006
_222
100 1 _aBosch, Juan
_d1909-2001
_eautor
_91
245 1 0 _aCosta Rica :
_binterpretaciones históricas y geográficas /
_c Juan Bosch ; edición y prólogo Ramón A. Mena Moya
260 _b
_c
264 _aSan José de Costa Rica :
_bLibrería Francesa
_c2006
300 _a79 páginas :
_bilustraciones ;
_c23 cm.
336 _atexto
_btxt
_2rdacontent
337 _asin mediación
_bn
_2rdamedia
338 _avolumen
_bnc
_2rdacarrier
590 _aInventariado, 2025/VM
650 7 _aGeografía
_zCosta Rica.
_v
650 7 _aCosta Rica
_xHistoria
700 1 _aMena Moya, Ramón A
_eprólogo
910 _aVMateo V. Control de calidad. BPMSU
942 _2ddc
_cBK
999 _c15485
_d15485